=LDR 00000nam 2200000 4500 =001 NUTBA000000000004848 =005 20141010103043.0 =006 =007 =008 =020 ##$$a 978-979-29-3162-4 =035 ##$$a 0010-101400000000078 =040 ##$$a NBPDMAT =090 ##$$a 657.450 285 $b Arv m =100 ##$$a Arvian Triantoro =245 ##$$a MYOB V. 18 Penyelesaian kasus pendekatan bukti transaksi/ $c Oleh, Arvian Triantoro dan Ryan Bastian Saputra; editor, Th. Arie Prabawati =260 ##$$a Yogyakarta : $b Andi, $c 2012 =300 ##$$a viii, 213 hlm. ; $b 20 cm. =650 ##$$a Akuntansi =700 ##$$a TH. Arie Prabawati =850 ##$$a NBPDMAT